000
00300nam a22001217a 4500
020
_a
0-333-40857-8
082
_a
502.12 HOR'C
100
_a
HORVATH, A. L
_9
65120
245
_a
CONVERSION TABLES OF UNITS IN SCIENCE ENGINEERING
260
_a
NEWYORK
_b
MACMILLAN
_c
1986
300
_a
147P
942
_c
BK
999
_c
573427
_d
573427